[Event "Liga Madrileña - DH 2011-2012"]
[Site "Madrid ESP"]
[Date "2011.11.20"]
[Round "2.34"]
[White "Rivas Vila, David"]
[Black "Elguezabal Varela, Daniel"]
[Result "1/2-1/2"]
[WhiteElo "2216"]
[BlackElo "2352"]
[PlyCount "78"]
[EventDate "2011.11.13"]
[EventType "team"]
[EventRounds "14"]
[EventCountry "ESP"]
[Source "lmi"]
[SourceDate "2011.11.13"]
[WhiteTeam "Blanco y Negro"]
[BlackTeam "La Casa del Ajedrez"]
[WhiteTeamCountry "ESP"]
[BlackTeamCountry "ESP"]

1. e4 c5 2. Nc3 e6 3. Nge2 Nc6 4. g3 Nf6 5. Bg2 Be7 6. O-O O-O 7. f4 d5 8. e5
Nd7 9. d3 f6 10. exf6 Nxf6 11. Kh1 d4 12. Ne4 Nxe4 13. Bxe4 Bf6 14. Ng1 Ne7 15.
Nf3 Nf5 16. Qe2 Nd6 17. Bd2 a5 18. Kg1 Bd7 19. Rae1 Qc7 20. Ng5 Bxg5 21. fxg5
Nxe4 22. Qxe4 Rae8 23. g6 hxg6 24. Bf4 e5 25. Bxe5 Rxf1+ 26. Kxf1 Bh3+ 27. Kg1
Qf7 28. b3 g5 29. a4 b6 30. Rc1 Rf8 31. Qe2 Qd5 32. Qe4 Qf7 33. Qe2 Qg6 34. Qe4
Qe6 35. Re1 Re8 36. Qf3 Rf8 37. Qe4 Qf7 38. Qe2 Bg4 39. Qd2 Bh3 1/2-1/2

[Event "Liga Madrileña - DH 2011-2012"]
[Site "Madrid ESP"]
[Date "2011.11.20"]
[Round "2.35"]
[White "Suarez Uriel, Adrian"]
[Black "Garrido Olivares, Ricardo"]
[Result "0-1"]
[WhiteElo "2238"]
[BlackElo "2216"]
[PlyCount "74"]
[EventDate "2011.11.13"]
[EventType "team"]
[EventRounds "14"]
[EventCountry "ESP"]
[Source "lmi"]
[SourceDate "2011.11.13"]
[WhiteTeam "La Casa del Ajedrez"]
[BlackTeam "Blanco y Negro"]
[WhiteTeamCountry "ESP"]
[BlackTeamCountry "ESP"]

1. e4 e6 2. d4 d5 3. Nc3 Nf6 4. Bg5 Bb4 5. e5 h6 6. Bc1 Ne4 7. Qg4 Kf8 8. Nge2
Nxc3 9. bxc3 Be7 10. Ng3 c5 11. Bd3 g6 12. O-O h5 13. Qf3 Kg7 14. c4 Nc6 15.
cxd5 Nxd4 16. Qe3 exd5 17. f4 h4 18. f5 hxg3 19. f6+ Kg8 20. fxe7 gxh2+ 21. Kh1
Qxe7 22. Qg3 Qh4 23. Qe3 Bf5 24. c3 Bxd3 25. Qxd3 Nf5 26. Bf4 Rd8 27. Rf3 Qg4
28. Raf1 c4 29. Qd2 d4 30. Qe1 d3 31. e6 f6 32. e7 Re8 33. Qe6+ Kg7 34. Qxc4 g5
35. Rxd3 Rxe7 36. Qb4 gxf4 37. g3 Qe2 0-1

[Event "Liga Madrileña - DH 2011-2012"]
[Site "Madrid ESP"]
[Date "2011.11.20"]
[Round "2.36"]
[White "Mena Borras, Mario"]
[Black "Unciti Juan, Javier"]
[Result "1-0"]
[WhiteElo "2105"]
[BlackElo "2143"]
[PlyCount "117"]
[EventDate "2011.11.13"]
[EventType "team"]
[EventRounds "14"]
[EventCountry "ESP"]
[Source "lmi"]
[SourceDate "2011.11.13"]
[WhiteTeam "Blanco y Negro"]
[BlackTeam "La Casa del Ajedrez"]
[WhiteTeamCountry "ESP"]
[BlackTeamCountry "ESP"]

1. e4 e6 2. d4 d5 3. e5 c5 4. c3 Nc6 5. Nf3 Qb6 6. a3 c4 7. Nbd2 Na5 8. Be2 Bd7
9. O-O Ne7 10. Qe1 Ng6 11. g3 Be7 12. Bd1 O-O 13. Bc2 f5 14. h4 Nh8 15. Qe2 Be8
16. Ne1 Nf7 17. Ng2 g5 18. hxg5 Bxg5 19. Rb1 Nh8 20. Nf3 Bxc1 21. Rfxc1 Bh5 22.
Nf4 Bxf3 23. Qxf3 Ng6 24. Nh5 Qd8 25. Nf6+ Rxf6 26. exf6 Qxf6 27. Kg2 Re8 28.
Rh1 Re7 29. Rh6 Qg5 30. Rbh1 Rg7 31. Qe3 Qxe3 32. fxe3 Nc6 33. Kf2 Nd8 34. R6h2
Nf7 35. Rg1 Ng5 36. Rh6 Nf7 37. Rh5 Nd6 38. g4 Ne4+ 39. Bxe4 fxe4 40. Rhh1 Rf7+
41. Kg2 Rf3 42. Rh3 Kg7 43. Rgh1 Rxh3 44. Kxh3 Nf8 45. b3 cxb3 46. Rb1 b6 47.
Rxb3 Nd7 48. a4 a6 49. Kg3 Kg6 50. Kf4 h6 51. Rb1 Kf6 52. Rh1 Kg6 53. Rc1 b5
54. axb5 axb5 55. Rb1 Nb6 56. Rxb5 Nc4 57. Rc5 Kf6 58. Rxc4 dxc4 59. Kxe4 1-0

[Event "Liga Madrileña - DH 2011-2012"]
[Site "Madrid ESP"]
[Date "2011.11.20"]
[Round "2.41"]
[White "Arribas Lopez, Angel"]
[Black "Granda Zuniga, Julio E"]
[Result "0-1"]
[WhiteElo "2487"]
[BlackElo "2636"]
[PlyCount "102"]
[EventDate "2011.11.13"]
[EventType "team"]
[EventRounds "14"]
[EventCountry "ESP"]
[Source "lmi"]
[SourceDate "2011.11.13"]
[WhiteTeam "Leganes"]
[BlackTeam "Collado Villalba"]
[WhiteTeamCountry "ESP"]
[BlackTeamCountry "ESP"]

1. e4 c5 2. Nc3 a6 3. g4 e5 4. d3 Nc6 5. Bg2 d6 6. h3 Nge7 7. Nge2 Ng6 8. Nd5
Nce7 9. Ng3 Nxd5 10. exd5 Be7 11. Nf5 Bxf5 12. gxf5 Nh4 13. Be4 g6 14. fxg6
hxg6 15. Rg1 Qd7 16. Rg3 Nf5 17. Bxf5 gxf5 18. Qf3 f4 19. Rg4 Qf5 20. Bd2 Kd7
21. Ke2 Rh6 22. Rh1 Rah8 23. Qg2 c4 24. b3 cxd3+ 25. cxd3 Rc8 26. Qe4 Qxe4+ 27.
dxe4 Bf6 28. Rh2 Rc2 29. a4 Bd8 30. Kd3 Rb2 31. Kc3 Ra2 32. f3 Ba5+ 33. b4 Bb6
34. a5 Be3 35. Rg7 Ke7 36. Rg8 Bxd2+ 37. Rxd2 Ra3+ 38. Kb2 Rxf3 39. Rb8 Rhxh3
40. Rxb7+ Kf6 41. Rb6 Kg5 42. Rxd6 Rb3+ 43. Ka2 Ra3+ 44. Kb2 Rhb3+ 45. Kc2 Rxb4
46. Rd1 Rxe4 47. Rxa6 Re2+ 48. Kb1 Rb3+ 49. Ka1 f3 50. d6 f2 51. d7 Rd3 0-1

[Event "Liga Madrileña - DH 2011-2012"]
[Site "Madrid ESP"]
[Date "2011.11.20"]
[Round "2.42"]
[White "Vazquez Igarza, Renier"]
[Black "Prieto Martin, Alfonso"]
[Result "1-0"]
[WhiteElo "2566"]
[BlackElo "2158"]
[PlyCount "41"]
[EventDate "2011.11.13"]
[EventType "team"]
[EventRounds "14"]
[EventCountry "ESP"]
[Source "lmi"]
[SourceDate "2011.11.13"]
[WhiteTeam "Collado Villalba"]
[BlackTeam "Leganes"]
[WhiteTeamCountry "ESP"]
[BlackTeamCountry "ESP"]

1. d4 Nf6 2. c4 e6 3. Nc3 Bb4 4. Qc2 O-O 5. a3 Bxc3+ 6. Qxc3 Ne4 7. Qc2 f5 8.
Nh3 b6 9. f3 Nf6 10. e3 Bb7 11. Bd3 Qe7 12. O-O c5 13. b3 d6 14. Bb2 Nbd7 15.
Rae1 h6 16. Nf4 Qf7 17. d5 Nxd5 18. cxd5 Bxd5 19. e4 Bb7 20. exf5 exf5 21. Ne6
1-0

[Event "Liga Madrileña - DH 2011-2012"]
[Site "Madrid ESP"]
[Date "2011.11.20"]
[Round "2.43"]
[White "Ballester de Miguel, Miguel Angel"]
[Black "Moreno Ruiz, Javier"]
[Result "0-1"]
[WhiteElo "2070"]
[BlackElo "2513"]
[PlyCount "128"]
[EventDate "2011.11.13"]
[EventType "team"]
[EventRounds "14"]
[EventCountry "ESP"]
[Source "lmi"]
[SourceDate "2011.11.13"]
[WhiteTeam "Leganes"]
[BlackTeam "Collado Villalba"]
[WhiteTeamCountry "ESP"]
[BlackTeamCountry "ESP"]

1. e4 e6 2. d4 d5 3. Nc3 Bb4 4. a3 Bxc3+ 5. bxc3 dxe4 6. Qg4 Nf6 7. Qxg7 Rg8 8.
Qh6 Nbd7 9. h3 b6 10. Ne2 Bb7 11. Ng3 Qe7 12. a4 Qd6 13. Bf4 Qc6 14. Ra3 a6 15.
c4 O-O-O 16. Be2 Rg6 17. Qh4 e5 18. dxe5 Qc5 19. Rb3 Nxe5 20. O-O Nc6 21. Be3
Nd4 22. Bxd4 Rxd4 23. Qf4 Qg5 24. Qf5+ Kb8 25. c5 Qxf5 26. Nxf5 Rd2 27. Re1 Nd7
28. cxb6 cxb6 29. Rd1 Rxd1+ 30. Bxd1 Nc5 31. Rb4 a5 32. Rd4 Kc7 33. g3 Rf6 34.
g4 Bc6 35. c3 Bd7 36. Ne3 Rd6 37. Nd5+ Kb7 38. Bc2 Bc6 39. Nxb6 Rxd4 40. cxd4
Kxb6 41. dxc5+ Kxc5 42. Kf1 Kb4 43. Ke2 Kc3 44. Bd1 Bd5 45. Ke3 Bb3 46. Bxb3
Kxb3 47. Kd4 Kxa4 48. Kc4 Ka3 49. Kc3 f6 50. h4 h6 51. Kd4 Kb4 52. Kxe4 a4 53.
Kf5 a3 54. Kxf6 a2 55. Kg6 a1=Q 56. Kxh6 Qf6+ 57. Kh5 Kc5 58. g5 Qxf2 59. g6
Kd6 60. g7 Qf7+ 61. Kh6 Qg8 62. Kg6 Ke7 63. h5 Qd5 64. h6 Qe4+ 0-1

[Event "Liga Madrileña - DH 2011-2012"]
[Site "Madrid ESP"]
[Date "2011.11.20"]
[Round "2.44"]
[White "Cao Armillas, Jesus"]
[Black "Lopez de Turiso, Jose Angel"]
[Result "0-1"]
[WhiteElo "2174"]
[BlackElo "2065"]
[PlyCount "58"]
[EventDate "2011.11.13"]
[EventType "team"]
[EventRounds "14"]
[EventCountry "ESP"]
[Source "lmi"]
[SourceDate "2011.11.13"]
[WhiteTeam "Collado Villalba"]
[BlackTeam "Leganes"]
[WhiteTeamCountry "ESP"]
[BlackTeamCountry "ESP"]

1. d4 Nf6 2. c4 e5 3. dxe5 Ne4 4. a3 d6 5. Nf3 Bf5 6. g3 Nc6 7. Nh4 Qd7 8. f3
Nc5 9. b4 Bxb1 10. Rxb1 Ne6 11. exd6 O-O-O 12. Be3 Bxd6 13. Bh3 g6 14. Qa4 f5
15. b5 Ncd4 16. Qxa7 Qg7 17. Kf2 Nc2 18. Nxf5 gxf5 19. Bxf5 Rhe8 20. Bxc2 Qe5
21. Rhe1 Nc5 22. Bf4 Qh5 23. Kg2 Bxf4 24. gxf4 Rd2 25. Bd1 Rg8+ 26. Kf2 Qh4+
27. Ke3 Qxe1 28. Qa8+ Kd7 29. Qxg8 Rd3# 0-1

[Event "Liga Madrileña - DH 2011-2012"]
[Site "Madrid ESP"]
[Date "2011.11.20"]
[Round "2.45"]
[White "Nunez Gutierrez, Juan Carlos"]
[Black "Cepeda Delgado, Camilo"]
[Result "1/2-1/2"]
[WhiteElo "2049"]
[BlackElo "2192"]
[PlyCount "55"]
[EventDate "2011.11.13"]
[EventType "team"]
[EventRounds "14"]
[EventCountry "ESP"]
[Source "lmi"]
[SourceDate "2011.11.13"]
[WhiteTeam "Leganes"]
[BlackTeam "Collado Villalba"]
[WhiteTeamCountry "ESP"]
[BlackTeamCountry "ESP"]

1. e4 e6 2. d3 d5 3. Nd2 Nf6 4. Ngf3 Be7 5. g3 O-O 6. Bg2 b6 7. O-O Bb7 8. e5
Nfd7 9. Re1 c5 10. Nf1 Nc6 11. h4 Re8 12. N1h2 f6 13. exf6 Bxf6 14. Ng4 e5 15.
h5 Nf8 16. c3 Qd6 17. h6 Ng6 18. hxg7 Bxg7 19. Bh6 Re7 20. Bxg7 Kxg7 21. Qd2
Rd8 22. Qg5 Kh8 23. Nh6 Bc8 24. Nh2 Rg7 25. Nf5 Bxf5 26. Qxf5 Rf8 27. Qh5 Rfg8
28. Qh6 1/2-1/2

[Event "Liga Madrileña - DH 2011-2012"]
[Site "Madrid ESP"]
[Date "2011.11.20"]
[Round "2.46"]
[White "Lorite Cruz, Francisco"]
[Black "Pedrajas Estepa, Manuel"]
[Result "1-0"]
[WhiteElo "2040"]
[BlackElo "2044"]
[PlyCount "23"]
[EventDate "2011.11.13"]
[EventType "team"]
[EventRounds "14"]
[EventCountry "ESP"]
[Source "lmi"]
[SourceDate "2011.11.13"]
[WhiteTeam "Collado Villalba"]
[BlackTeam "Leganes"]
[WhiteTeamCountry "ESP"]
[BlackTeamCountry "ESP"]

1. e4 e5 2. Nf3 Nc6 3. d4 exd4 4. Nxd4 Nf6 5. Nxc6 bxc6 6. e5 Qe7 7. Qe2 Nd5 8.
c4 Ba6 9. Nd2 d6 10. exd6 cxd6 11. Qxe7+ Nxe7 12. b3 1-0

[Event "Liga Madrileña - DH 2011-2012"]
[Site "Madrid ESP"]
[Date "2011.11.27"]
[Round "3.11"]
[White "Alcazar Jimenez, Victor Manuel"]
[Black "Hernandez Gallardo, Francisco Javier"]
[Result "1-0"]
[WhiteElo "2379"]
[BlackElo "2369"]
[PlyCount "77"]
[EventDate "2011.11.13"]
[EventType "team"]
[EventRounds "14"]
[EventCountry "ESP"]
[Source "lmi"]
[SourceDate "2011.11.13"]
[WhiteTeam "Blanco y Negro"]
[BlackTeam "Moratalaz"]
[WhiteTeamCountry "ESP"]
[BlackTeamCountry "ESP"]

1. c4 g6 2. Nc3 Bg7 3. Nf3 d6 4. g3 e5 5. d4 exd4 6. Nxd4 Nc6 7. Nc2 h5 8. h4
Ne5 9. Ne3 Ne7 10. Bg2 O-O 11. Qd2 Nf5 12. Nxf5 Bxf5 13. b3 Re8 14. O-O c6 15.
Bb2 Qa5 16. Rad1 Rad8 17. Na4 Qa6 18. Nc3 Qa5 19. Qc1 a6 20. Qa1 Ng4 21. e4 Be6
22. Ne2 Bxb2 23. Qxb2 Qe5 24. Qd2 Nf6 25. Qd3 Bg4 26. f3 Bc8 27. Nf4 Kg7 28.
Rd2 d5 29. cxd5 cxd5 30. exd5 g5 31. Re2 gxf4 32. Rxe5 Rxe5 33. Qd4 Rdxd5 34.
Qxf4 Re2 35. Rf2 Re1+ 36. Kh2 Rf5 37. Qd2 Ree5 38. Bh3 Rd5 39. Qb2 1-0

[Event "Liga Madrileña - DH 2011-2012"]
[Site "Madrid ESP"]
[Date "2011.11.27"]
[Round "3.12"]
[White "Sanchez-Alarcos Galian, Victor"]
[Black "Alcazar Jimenez, Jesus Alberto"]
[Result "1/2-1/2"]
[WhiteElo "2242"]
[BlackElo "2252"]
[PlyCount "94"]
[EventDate "2011.11.13"]
[EventType "team"]
[EventRounds "14"]
[EventCountry "ESP"]
[Source "lmi"]
[SourceDate "2011.11.13"]
[WhiteTeam "Moratalaz"]
[BlackTeam "Blanco y Negro"]
[WhiteTeamCountry "ESP"]
[BlackTeamCountry "ESP"]

1. d4 d5 2. Nf3 c5 3. c3 e6 4. Bg5 Nf6 5. e3 h6 6. Bh4 Nc6 7. Nbd2 g5 8. Bg3
Nh5 9. Bd3 Nxg3 10. hxg3 g4 11. Ng1 e5 12. Ne2 Qf6 13. dxe5 Qxe5 14. Nf4 h5 15.
Kf1 Bd7 16. c4 d4 17. exd4 Nxd4 18. Qe1 Bd6 19. Qxe5+ Bxe5 20. Re1 Nc6 21. Rxh5
Rxh5 22. Nxh5 O-O-O 23. Nf4 Be6 24. Ke2 Bxb2 25. Nxe6 fxe6 26. Ne4 Ne5 27. Rd1
b6 28. f4 gxf3+ 29. gxf3 Rh8 30. Ke3 Bd4+ 31. Kf4 Rf8+ 32. Kg5 Rxf3 33. Bf1 Re3
34. Kf4 Ng6+ 35. Kg5 Rxe4 36. Kxg6 Rg4+ 37. Kf7 Rxg3 38. Kxe6 Kb7 39. Rd3 Rg6+
40. Kd7 a6 41. Rf3 Rg7+ 42. Kd6 Rg6+ 43. Kd7 Rg7+ 44. Kd6 Bg1 45. Bd3 Bh2+ 46.
Ke6 b5 47. cxb5 axb5 1/2-1/2

[Event "Liga Madrileña - DH 2011-2012"]
[Site "Madrid ESP"]
[Date "2011.11.27"]
[Round "3.13"]
[White "Rivas Vila, David"]
[Black "Solaesa Navalpotro, Luis Julio"]
[Result "1-0"]
[WhiteElo "2216"]
[BlackElo "2270"]
[PlyCount "61"]
[EventDate "2011.11.13"]
[EventType "team"]
[EventRounds "14"]
[EventCountry "ESP"]
[Source "lmi"]
[SourceDate "2011.11.13"]
[WhiteTeam "Blanco y Negro"]
[BlackTeam "Moratalaz"]
[WhiteTeamCountry "ESP"]
[BlackTeamCountry "ESP"]

1. e4 c6 2. Nc3 d5 3. Nf3 Bg4 4. h3 Bxf3 5. Qxf3 e6 6. g3 Nf6 7. d3 Bb4 8. Bd2
Qb6 9. O-O-O Nbd7 10. Qe2 O-O-O 11. e5 Ng8 12. f4 Nc5 13. d4 Bxc3 14. Bxc3 Na4
15. Qd2 Nxc3 16. Qxc3 Ne7 17. Bd3 h5 18. g4 hxg4 19. hxg4 g6 20. Rxh8 Rxh8 21.
Qa3 Re8 22. c3 Kb8 23. Rh1 Qd8 24. Rh7 Rf8 25. Kb1 Nc8 26. Qb3 Ne7 27. Qb4 Qe8
28. Qd6+ Ka8 29. Qc7 Nc8 30. Bxg6 Ne7 31. Bxf7 1-0

[Event "Liga Madrileña - DH 2011-2012"]
[Site "Madrid ESP"]
[Date "2011.11.27"]
[Round "3.14"]
[White "Rodriguez Yuste, Marcelo"]
[Black "Garrido Olivares, Ricardo"]
[Result "1-0"]
[WhiteElo "2234"]
[BlackElo "2216"]
[PlyCount "95"]
[EventDate "2011.11.13"]
[EventType "team"]
[EventRounds "14"]
[EventCountry "ESP"]
[Source "lmi"]
[SourceDate "2011.11.13"]
[WhiteTeam "Moratalaz"]
[BlackTeam "Blanco y Negro"]
[WhiteTeamCountry "ESP"]
[BlackTeamCountry "ESP"]

1. c4 c6 2. e3 d5 3. f4 Nf6 4. Nf3 Bg4 5. d4 e6 6. Bd3 Ne4 7. O-O f5 8. Qb3 Qb6
9. Ne5 Bh5 10. Nc3 Nd7 11. Nxd7 Qxb3 12. axb3 Kxd7 13. c5 Be7 14. Bxe4 fxe4 15.
Bd2 Bg6 16. g4 h5 17. g5 h4 18. h3 a6 19. Nd1 Raf8 20. Nf2 e5 21. Ng4 Ke6 22.
Nxe5 Kf5 23. Ra4 Bh5 24. Kf2 Ke6 25. Rg1 Rb8 26. Ba5 Bd8 27. Bxd8 Rhxd8 28. Rb4
Rdc8 29. Rb6 Rc7 30. Ra1 Rf8 31. Ra4 Re8 32. Ra1 Kf5 33. g6 Bxg6 34. Rg1 Bh7
35. Rg5+ Kf6 36. Rh5 Bf5 37. Rxh4 g6 38. Kg3 Rg8 39. Ng4+ Kg7 40. Rb4 Bc8 41.
Ra4 Rf8 42. Ne5 Re7 43. Ra1 Bf5 44. Kf2 Bc8 45. Rg1 Bf5 46. Rg5 Rf6 47. Ke1 Re8
48. Kd2 1-0

[Event "Liga Madrileña - DH 2011-2012"]
[Site "Madrid ESP"]
[Date "2011.11.27"]
[Round "3.15"]
[White "Mena Borras, Mario"]
[Black "Ramirez Garcia, Jorge Alberto"]
[Result "1/2-1/2"]
[WhiteElo "2105"]
[BlackElo "2177"]
[PlyCount "95"]
[EventDate "2011.11.13"]
[EventType "team"]
[EventRounds "14"]
[EventCountry "ESP"]
[Source "lmi"]
[SourceDate "2011.11.13"]
[WhiteTeam "Blanco y Negro"]
[BlackTeam "Moratalaz"]
[WhiteTeamCountry "ESP"]
[BlackTeamCountry "ESP"]

1. e4 e6 2. d4 d5 3. e5 c5 4. c3 Qb6 5. Nf3 Nc6 6. a3 cxd4 7. cxd4 Nh6 8. Nc3
Nf5 9. Na4 Qd8 10. b4 f6 11. Bb2 fxe5 12. dxe5 Be7 13. Bd3 O-O 14. O-O Bd7 15.
Rc1 Be8 16. h3 b6 17. Nc3 a5 18. b5 Nb8 19. Ne2 Bc5 20. Ned4 Nxd4 21. Nxd4 Qe7
22. Qg4 Bf7 23. a4 Ra7 24. Rc2 Rc7 25. Rfc1 Rfc8 26. Kh2 Nd7 27. Nc6 Qe8 28.
Qh4 Nf8 29. Bd4 Bg6 30. Bxg6 Nxg6 31. Qg4 Bxd4 32. Qxd4 Rb7 33. f4 Qd7 34. Rf1
Rf8 35. g4 Ne7 36. f5 Nc8 37. Rcf2 exf5 38. gxf5 h6 39. f6 Qe6 40. fxg7 Rxf2+
41. Qxf2 Rxg7 42. Qf8+ Kh7 43. Qf5+ Qxf5 44. Rxf5 Ne7 45. Rf6 Ng6 46. Rd6 Nh4
47. Rf6 Rg2+ 48. Kh1 1/2-1/2

[Event "Liga Madrileña - DH 2011-2012"]
[Site "Madrid ESP"]
[Date "2011.11.27"]
[Round "3.16"]
[White "Garcia Ruido, Ricardo"]
[Black "Aguado Solana, Juan"]
[Result "1/2-1/2"]
[WhiteElo "2060"]
[BlackElo "2050"]
[PlyCount "105"]
[EventDate "2011.11.13"]
[EventType "team"]
[EventRounds "14"]
[EventCountry "ESP"]
[Source "lmi"]
[SourceDate "2011.11.13"]
[WhiteTeam "Moratalaz"]
[BlackTeam "Blanco y Negro"]
[WhiteTeamCountry "ESP"]
[BlackTeamCountry "ESP"]

1. e4 c5 2. Nf3 Nc6 3. d4 cxd4 4. Nxd4 e5 5. Nb5 a6 6. Nd6+ Bxd6 7. Qxd6 Qf6 8.
Qxf6 Nxf6 9. Bd3 Nb4 10. Bg5 d5 11. Bxf6 gxf6 12. exd5 Nxd5 13. Be4 Nb4 14. c3
Nc6 15. Bxc6+ bxc6 16. O-O Rb8 17. b3 O-O 18. f4 Bf5 19. Nd2 Bd3 20. Rf3 e4 21.
Rg3+ Kh8 22. f5 Rfe8 23. Re3 Re5 24. Rae1 Bc2 25. g4 Rg8 26. Rg3 Ra5 27. a4 Rd5
28. Nf1 Rd3 29. Kf2 c5 30. h3 Rb8 31. Re2 Rxg3 32. Nxg3 Bxb3 33. Nxe4 c4 34.
Nc5 Rc8 35. Nxa6 Bxa4 36. Re4 Bb3 37. Kf3 Rc6 38. Nb4 Rd6 39. Rd4 Rb6 40. Rd8+
Kg7 41. Nd5 Ra6 42. h4 Ra1 43. g5 fxg5 44. hxg5 Rg1 45. Kf4 Rf1+ 46. Ke5 Bc2
47. Ne7 Re1+ 48. Kf4 f6 49. gxf6+ Kxf6 50. Nd5+ Kf7 51. Rd7+ Kf8 52. f6 Bg6 53.
Rd8+ 1/2-1/2

[Event "Liga Madrileña - DH 2011-2012"]
[Site "Madrid ESP"]
[Date "2011.11.27"]
[Round "3.21"]
[White "Vallejo Diaz, Javier"]
[Black "Arribas Lopez, Angel"]
[Result "1-0"]
[WhiteElo "2367"]
[BlackElo "2487"]
[PlyCount "39"]
[EventDate "2011.11.13"]
[EventType "team"]
[EventRounds "14"]
[EventCountry "ESP"]
[Source "lmi"]
[SourceDate "2011.11.13"]
[WhiteTeam "Amigos del Retiro"]
[BlackTeam "Leganes"]
[WhiteTeamCountry "ESP"]
[BlackTeamCountry "ESP"]

1. e4 c6 2. d4 d5 3. Nd2 dxe4 4. Nxe4 h6 5. Bc4 Bf5 6. Ng3 Bg6 7. N1e2 Nf6 8.
Nf4 Bh7 9. O-O Nbd7 10. Re1 Nb6 11. Bb3 a5 12. a3 a4 13. Ba2 Nbd5 14. c4 Nxf4
15. Bxf4 Qb6 16. d5 Qxb2 17. Bd6 O-O-O 18. Be5 Qc2 19. Qd4 e6 20. Qb6 1-0

[Event "Liga Madrileña - DH 2011-2012"]
[Site "Madrid ESP"]
[Date "2011.11.27"]
[Round "3.22"]
[White "Prieto Martin, Alfonso"]
[Black "Fernandez Garcia, Miguel Angel"]
[Result "1/2-1/2"]
[WhiteElo "2158"]
[BlackElo "2318"]
[PlyCount "52"]
[EventDate "2011.11.13"]
[EventType "team"]
[EventRounds "14"]
[EventCountry "ESP"]
[Source "lmi"]
[SourceDate "2011.11.13"]
[WhiteTeam "Leganes"]
[BlackTeam "Amigos del Retiro"]
[WhiteTeamCountry "ESP"]
[BlackTeamCountry "ESP"]

1. c4 e6 2. Nc3 d5 3. d4 c6 4. e4 Bb4 5. cxd5 exd5 6. exd5 Qxd5 7. Nf3 Nf6 8.
Be2 O-O 9. O-O Qd6 10. Bg5 Bg4 11. Qb3 Nbd7 12. Rad1 Rae8 13. Ne5 Bxe2 14. Nxe2
Nxe5 15. dxe5 Qxe5 16. Bxf6 Qxf6 17. Qxb4 Rxe2 18. Qxb7 Rxb2 19. Qxa7 h5 20. a4
Ra2 21. Rfe1 h4 22. h3 Rc8 23. Rd3 Ra1 24. Rdd1 Ra2 25. Rd3 Ra1 26. Rdd1 Ra2
1/2-1/2

[Event "Liga Madrileña - DH 2011-2012"]
[Site "Madrid ESP"]
[Date "2011.11.27"]
[Round "3.23"]
[White "Perez Gonzalez, Jose Manuel"]
[Black "Davicce Canada, Juan Antonio"]
[Result "1-0"]
[WhiteElo "2304"]
[BlackElo "2095"]
[PlyCount "81"]
[EventDate "2011.11.13"]
[EventType "team"]
[EventRounds "14"]
[EventCountry "ESP"]
[Source "lmi"]
[SourceDate "2011.11.13"]
[WhiteTeam "Amigos del Retiro"]
[BlackTeam "Leganes"]
[WhiteTeamCountry "ESP"]
[BlackTeamCountry "ESP"]

1. e4 c6 2. d4 d5 3. e5 c5 4. dxc5 e6 5. Be3 Nd7 6. Bb5 Qc7 7. Nf3 Bxc5 8. Bxc5
Qxc5 9. Nc3 Ne7 10. O-O O-O 11. Re1 Nc6 12. Qd3 h6 13. Rad1 Nb4 14. Qd2 a6 15.
Bf1 Nc6 16. Na4 Qb4 17. Qxb4 Nxb4 18. a3 Nc6 19. b4 b5 20. Nb2 Nb6 21. Nd4 Nxd4
22. Rxd4 Bb7 23. Bd3 Rac8 24. Re3 Kh8 25. Nd1 Nc4 26. Bxc4 Rxc4 27. Rxc4 dxc4
28. Nc3 Rd8 29. f3 Bc6 30. Re1 Kg8 31. Rd1 Rxd1+ 32. Nxd1 Kf8 33. Kf2 Ke7 34.
Ke3 Kd7 35. Kd4 Kc7 36. Kc5 h5 37. h4 f5 38. Nf2 Be8 39. Nh3 Bf7 40. Ng5 Bg8
41. c3 1-0

[Event "Liga Madrileña - DH 2011-2012"]
[Site "Madrid ESP"]
[Date "2011.11.27"]
[Round "3.24"]
[White "Ballester de Miguel, Miguel Angel"]
[Black "Sanchez Gonzalez, Sergio"]
[Result "0-1"]
[WhiteElo "2070"]
[BlackElo "2286"]
[PlyCount "106"]
[EventDate "2011.11.13"]
[EventType "team"]
[EventRounds "14"]
[EventCountry "ESP"]
[Source "lmi"]
[SourceDate "2011.11.13"]
[WhiteTeam "Leganes"]
[BlackTeam "Amigos del Retiro"]
[WhiteTeamCountry "ESP"]
[BlackTeamCountry "ESP"]

1. e4 c5 2. Nf3 d6 3. d4 cxd4 4. Nxd4 Nf6 5. Nc3 e6 6. Bc4 Be7 7. Bb3 O-O 8.
Be3 Na6 9. O-O Nc5 10. f3 a6 11. Qe2 Qc7 12. Rfd1 b5 13. Qf2 b4 14. Nce2 Bd7
15. c4 a5 16. Bc2 a4 17. b3 axb3 18. axb3 Qb7 19. g4 Rxa1 20. Rxa1 Ra8 21.
Rxa8+ Qxa8 22. g5 Ne8 23. Qe1 e5 24. Nf5 Bxf5 25. exf5 Qxf3 26. Qf2 Qxf2+ 27.
Kxf2 Nc7 28. Kf3 Nd7 29. Ke4 f6 30. g6 hxg6 31. fxg6 Nf8 32. Kf5 d5 33. cxd5
Nxd5 34. Ke4 Nc7 35. Bb6 Nfe6 36. Bd3 Ng5+ 37. Kf5 Ne8 38. h4 Nd6+ 39. Kg4 Ne6
40. h5 e4 41. Ba6 f5+ 42. Kg3 Bf6 43. Kf2 f4 44. Nxf4 Nxf4 45. Bc7 Be5 46. Bxd6
Bxd6 47. Ke3 Nxh5 48. Kxe4 Kf8 49. Kf5 Ke7 50. Bc4 Ng3+ 51. Kg5 Ne4+ 52. Kf5
Nd2 53. Bd5 Bh2 0-1

[Event "Liga Madrileña - DH 2011-2012"]
[Site "Madrid ESP"]
[Date "2011.11.27"]
[Round "3.25"]
[White "Vallejo Diaz, Jesus"]
[Black "Nunez Gutierrez, Juan Carlos"]
[Result "1-0"]
[WhiteElo "2258"]
[BlackElo "2049"]
[PlyCount "49"]
[EventDate "2011.11.13"]
[EventType "team"]
[EventRounds "14"]
[EventCountry "ESP"]
[Source "lmi"]
[SourceDate "2011.11.13"]
[WhiteTeam "Amigos del Retiro"]
[BlackTeam "Leganes"]
[WhiteTeamCountry "ESP"]
[BlackTeamCountry "ESP"]

1. e4 e5 2. Nf3 Nf6 3. Nxe5 d6 4. Nf3 Nxe4 5. Nc3 Nf6 6. d4 d5 7. Ne5 c6 8. Bd3
h6 9. O-O Bd6 10. f4 O-O 11. Be3 b6 12. Qf3 Qc7 13. Bf2 Bxe5 14. fxe5 Ne8 15.
Bg3 Be6 16. Bf4 Qe7 17. Qg3 Kh8 18. Qe3 g5 19. Bg3 Rg8 20. Rf2 Nd7 21. Raf1 a6
22. Qe2 b5 23. Qh5 Kg7 24. Rf6 Rh8 25. Qg6+ 1-0